| 000 | 00714nam a2200241Ia 4500 | ||
|---|---|---|---|
| 003 | OSt | ||
| 005 | 20230518093705.0 | ||
| 008 | 210423s1999 xx 000 0 und d | ||
| 020 | _a0-7167-3268-8 | ||
| 040 | _cAL | ||
| 041 | _aeng | ||
| 082 |
_a574.19245 FERS _223 |
||
| 100 |
_aFERSHT (Alan). _9107585 |
||
| 245 | _aStructure and mechanism in protein science. | ||
| 245 | 2 | _bA guide to enzyme catalysis and protein folding | |
| 260 |
_aNew York _bW H Freeman & Co. _c1999 |
||
| 300 |
_axxi,631 _bBound |
||
| 365 | _cINR | ||
| 650 |
_aBiochemistry _9107586 |
||
| 650 |
_aBiology _9107587 |
||
| 906 | _acatalysis ; enzyme ; folding ; guide ; mechanism ; protein ; science. ; Structure | ||
| 942 |
_2ddc _cBK |
||
| 999 |
_c164995 _d164995 |
||